Najbardziej znane rzeźby - Statystyki

Ogólne statystyki
  • Ten quiz został rozwiązany 34 razy
  • Średni wynik to 7 z 20
Statystyki odpowiedzi
Obrazkowy Odpowiedź % Poprawnych
Dawid
89%
Dyskobol
85%
Pieta
81%
Wenus z Milo
74%
Myśliciel
44%
Nike z Samotraki
41%
Wenus z Willendorfu
33%
Grupa Laokoona
30%
Mojżesz
30%
Atena Partenos
26%
Ekstaza Świętej Teresy
26%
Zeus Olimpijski
26%
Wilczyca kapitolińska
22%
Hermes z małym Dionizosem
7%
Idący człowiek
7%
Kora z Akropolu
7%
Mała czternastoletnia tancerka
7%
Perseusz z głową Meduzy
7%
Trzy mojry
7%
Madonna przy schodach
4%
Nie znaleziono quizów pasujących do podanych kryteriów
Rozkład punktacji
Procent ludzi z każdym wynikiem
Percentyl według liczby udzielonych odpowiedzi
Twoja historia wyników
Nie rozwiązałeś tego quizu